Wildlife Tourism And Conservation (Record no. 905)

MARC details
000 -LEADER
Fixed length control field 00473nam a2200169 4500
003 - CONTROL NUMBER IDENTIFIER
Control field SEACOMMC
005 - DATE AND TIME OF LATEST TRANSACTION
Control field 20250429105838.0
008 - FIXED-LENGTH DATA ELEMENTS--GENERAL INFORMATION
Fixed length control field 241219b |||||||| |||| 00| 0 eng d
020 ## - INTERNATIONAL STANDARD BOOK NUMBER / ISBN
International Standard Book Number 978-81-8901-209-0
Price Rs.525.00
040 ## - CATALOGING SOURCE
Original cataloging agency SEACOMMC
082 ## - DEWEY DECIMAL CLASSIFICATION NUMBER
Classification number 639.92
Book Number M 255
100 ## - MAIN ENTRY--PERSONAL NAME
Personal name Mallya, Abhilash
245 1# - TITLE STATEMENT
Title Wildlife Tourism And Conservation
Statement of responsibility Abhilash Mallya
260 ## - IMPRINT
Place of publication Delhi
Name of publisher Gnosis Publishers
Date of publication 2006
650 ## - SUBJECT ADDED ENTRY--TOPICAL TERM
Topical term National History & Geography
942 ## - ADDED ENTRY ELEMENTS (KOHA)
Koha item type Books
Holdings
Withdrawn status Lost status Source of classification Damaged status Not for loan Home library Current library Shelving location Date acquired Total Checkouts Call number Accession number Date last seen Price effective from Koha item type
    Dewey Decimal Classification     SEACOM MANAGEMENT COLLEGE SEACOM MANAGEMENT COLLEGE Reference 11/12/2007   639.92 M 255 M-1217 19/12/2024 19/12/2024 Books
© Seacom Engineering College, All rights reserved.    Powered by Koha